| 000 | 00732nam a2200217 i 4500 | ||
|---|---|---|---|
| 005 | 20200104041556.0 | ||
| 008 | 160123s2004 xxu||||| |||| 00| 0 spa d | ||
| 020 | _a9280724282 | ||
| 040 |
_aCO-BoIAVH _cCO-BoIAVH |
||
| 041 | _aspa | ||
| 090 |
_aLB _b1814 |
||
| 110 | 2 | _bUnited Nations Environment Programme | |
| 245 |
_aTraining module: _bintroduction to capacity building for environment :trade and sustainable development |
||
| 260 |
_aCanberra _bUNEP _bUNCTAD _c2004 |
||
| 300 |
_a75 páginas + _e1 CD. |
||
| 650 | 1 | 4 |
_aMedio ambiente _xEnseñanza |
| 650 | 2 | 4 | _aDesarrollo sostenible |
| 710 | 2 | _aUnited Nations Conference on Trade and Development | |
| 942 |
_cLIBRO _2ddc |
||
| 945 | _d2006-01-17 | ||
| 999 |
_c5172 _d5172 |
||